|
|
|
|
| LEADER |
00000nas a2200000 a 4500 |
| 001 |
vtls011825814 |
| 003 |
SK-MaSNL |
| 005 |
20260228164445.0 |
| 008 |
181127d20112013xo er|ner 0 b0slo |
| 040 |
|
|
|a SNK
|b slo
|c SNK
|e AACR2
|
| 041 |
0 |
|
|a slo
|
| 043 |
|
|
|a e-xo---
|
| 044 |
|
|
|a xo
|c SK
|
| 072 |
|
7 |
|a 316.7
|x Sociológia kultúry. Kultúrny život
|2 konspekt
|
| 080 |
|
|
|a 316.728
|2 2011
|
| 080 |
|
|
|a (437.641.116)
|2 2011
|
| 080 |
|
|
|a 050
|2 2001
|
| 080 |
|
|
|a (051)+(054)(437.6)
|2 2011
|
| 245 |
0 |
0 |
|a Novinky Martin
|b dvojtýždenník
|
| 260 |
|
|
|a Nitra
|b 14 press
|c 2011-2013
|
| 260 |
3 |
|
|3 2013
|a Bratislava
|b 14 news
|
| 300 |
|
|
|a 3 zv.
|c 32-40 cm
|
| 310 |
|
|
|a 1x za 2 týždne
|
| 362 |
0 |
|
|a 2011-2013
|
| 500 |
|
|
|a Evidenčné číslo: EV 3725/09, EV 4464/11
|
| 500 |
|
|
|a V r. 2011-č. 18 (2012) v tiráži podnázov: spravodajské periodikum pre región Martin
|
| 500 |
|
|
|a V r. 2013 rozmer zv. 32 cm
|
| 500 |
|
|
|a Od r. 2014 pokračuje pod názvom: Naše novinky Martin
|
| 500 |
|
|
|a V r. 2013 v tiráži podnázov: spravodajský dvojtýždenník
|
| 500 |
|
|
|a Od č. 19 (2012)-č. 26 (2012) v tiráži bez podnázvu
|
| 500 |
|
|
|a Od č. 20 (2013)- podnázov: dvojtýždenník do domácností a firiem
|
| 515 |
|
|
|a Niektoré čísla vychádzajú ako dvojčíslo
|
| 650 |
0 |
7 |
|a spoločenský život
|2 SNKPH
|9 28654
|
| 651 |
|
7 |
|a Martin (Slovensko : okres)
|2 SNKPHgeo
|9 73088
|
| 655 |
|
7 |
|a regionálne periodiká
|2 SNKPH
|9 131775
|
| 785 |
0 |
0 |
|t Naše novinky Martin
|
| 910 |
|
|
|a snk
|
| 999 |
|
|
|c 13675
|d 15605
|
| 952 |
|
|
|0 0
|1 0
|4 0
|7 0
|8 0
|a SNK
|b SNK
|d 2018-11-28
|i snk2018/25477
|l 0
|o snkČSA 1467/1/2011
|p 17A1340813
|r 2026-02-21 22:05:53
|t len č. 3, 4
|w 2026-02-21
|y PREZ
|
| 952 |
|
|
|0 0
|1 0
|4 0
|7 0
|8 0
|a SNK
|b SNK
|d 2018-11-28
|i snk2018/25525
|l 0
|o snkČSA 1467/2/2012
|p 17A1340812
|r 2026-02-21 22:06:30
|t č. 1-26, neúplné
|w 2026-02-21
|y PREZ
|z Chýba č. 1-4, 6, 7, 9, 15, 16, 20, 21, 23-26
|
| 952 |
|
|
|0 0
|1 0
|4 0
|7 0
|8 0
|a SNK
|b SNK
|d 2018-11-28
|i snk2018/25538
|l 0
|o snkČSA 1467/3/2013
|p 17A1340811
|r 2026-02-21 22:06:30
|t len č. 2, 5, 8, 20
|w 2026-02-21
|y PREZ
|